| 000 | 00489nam a2200169Ia 4500 | ||
|---|---|---|---|
| 999 |
_c20221 _d20221 |
||
| 003 | OSt | ||
| 005 | 20200630150633.0 | ||
| 008 | 190216s9999||||xx |||||||||||||| ||und|| | ||
| 040 | _coclc | ||
| 082 |
_a901.9 _bFER/F |
||
| 100 |
_aFerguson, John _93368 |
||
| 245 | 0 |
_aFoundations Of The Modern World / _cJohn Ferguson |
|
| 260 |
_bCambridge Uty Press, _c1963. _aLondon: |
||
| 300 | _a183p | ||
| 650 | _aWorld History | ||
| 942 |
_cBK _2ddc _h901.9 _iFER/F _k901.9 _mFER/F |
||